Push-over analýza seizmicky odolného mostného piliera

Salvato in:
Dettagli Bibliografici
Autore principale: Šimkaninová, Tamara (Autore)
Altri autori: Lamperová, Katarína (Relatore della tesi)
Natura: Manoscritto Libro
Lingua:slovacco
Pubblicazione: 2025
Soggetti:
Accesso online:http://is.stuba.sk/zp/portal_zp.pl?podrobnosti=184037
CRZP
Tags: Aggiungi Tag
Nessun Tag, puoi essere il primo ad aggiungerne!!

MARC

LEADER 00000ntm a22000003a 4500
001 stuzp104618
003 SK-STU
005 20250801110541.9
007 ta
008 150427s2015----xo-----f-mn---000-0-slo-d
040 |a STU  |b slo 
041 0 |a slo 
100 1 |a Šimkaninová, Tamara  |u 010250  |4 aut  |U SvF Stavebná fakulta  |T SvF Katedra stavebnej mechaniky  |X 110102  |U V250  |Y 26  |7 110102 
242 0 1 |a Push-over analysis of a seismically resistant bridge pier  |y eng 
245 1 0 |a Push-over analýza seizmicky odolného mostného piliera 
260 |c 2025 
650 4 |a push-over  |2 eng 
650 4 |a steel  |2 eng 
650 4 |a loading  |2 eng 
650 4 |a seismicity  |2 eng 
650 4 |a assessment  |2 eng 
650 4 |a shear dampers  |2 eng 
650 4 |a steel piers  |2 eng 
650 4 |a bridge structure  |2 eng 
650 4 |a oceľ  |2 slo 
650 4 |a zaťaženie  |2 slo 
650 4 |a seizmicita  |2 slo 
650 4 |a oceľové piliere  |2 slo 
650 4 |a push-over  |2 slo 
650 4 |a mostná konštrukcia  |2 slo 
650 4 |a posúdenie  |2 slo 
650 4 |a tlmiče šmyku  |2 slo 
700 1 |a Lamperová, Katarína  |u 010250  |k Z1  |4 ths  |U SvF Stavebná fakulta  |T SvF Katedra stavebnej mechaniky  |X 7460  |U V250  |Y 26  |7 A000007460 
856 4 |u http://is.stuba.sk/zp/portal_zp.pl?podrobnosti=184037 
856 4 |u https://opac.crzp.sk/?fn=detailBiblioForm&sid=226A7A544DA3649F67503AE9F6D0  |z CRZP